000 00690nam a2200289Ia 4500
005 20260324144030.0
008 008 260324s9999 xx 000 0 eng d
020 _a9781351317122
037 _aEBOOK
040 _aCRL
040 _beng
040 _cCRL
041 _2eng
041 _aeng
084 _qCRL
100 _aHamid Dabashi
245 0 _aAuthority in Islam
245 0 _bFrom the Rise of Mohammad to the Establishment of the Umayyads
260 _bTaylor and Francis
260 _c1989
365 _a
365 _b170
856 _uhttp://www.taylorfrancis.com/books/9781351317122
942 _cEBOOK
999 _c1823947
_d1823947